000 00341cam a22001217a 4500
008 180718b1967 xxu||||| |||| 00| 0 eng d
082 _aAPPPA 75-76/v.3/2
100 _aScott, W.G.
245 _aDecision concepts
_cby W.G. Scott
260 _aNew Delhi
_bIndian Institute of Public Administration
_c1967
300 _av.p.
650 _aDecision
999 _c501097
_d501097